000 00797nam a2200253Ia 4500
003 OSt
005 20220928114709.0
006 a|||||r|||| 00| 0
007 ta
008 220927b |||||||| |||| 00| 0 eng d
020 _c4676.6499999999996
024 _a118683
037 _b330, 13/02/2013, Classic Book Service
_cTextual
040 _aSDCL
_cSDCL
_beng
041 _2eng
_aeng
082 _aL:42, Q2
100 _aPolu Sandhya L
_9440407
245 0 _aInfectious disease in India 1892-1940
_b Policy making and the perception of risk.
260 _aHoundmills
_bPalgrave Macmillan
_c2012
300 _ax,229p.
_ccm.
650 _aPolitical Science
942 _hL:42, Q2
_cTEXL
_2CC
999 _c755993
_d755993